| 000 | 00914nam a22002297a 4500 | ||
|---|---|---|---|
| 005 | 20260427155719.0 | ||
| 007 | cr |||aaa||||| | ||
| 008 | 260427s2019 mx| ||| o|||| 000 0 spa d | ||
| 020 | _a9786076330470 | ||
| 040 |
_aMX-MxUPN _bspa _eaacr2 |
||
| 041 | 0 | _aspa | |
| 050 | 4 | _aJZ5534 | |
| 100 | 1 |
_aMartínez Real, Concepción Noemí _959402 |
|
| 245 | 1 | 0 |
_aAproximación a una metodología polisémica en la educación para la paz : _buna propuesta para el bachillerato universitario en México _h[recurso electrónico en línea] |
| 250 | _aPrimera edición | ||
| 260 |
_aToluca, Estado de México : _bUniversidad Autónoma del Estado de México, _c2019 |
||
| 300 |
_a1 recurso en línea (356 páginas) : _bPDF |
||
| 650 | 4 |
_aPaz _xEstudio y enseñanza (Media superior) _zMéxico _959403 |
|
| 856 | 4 | 0 | _uhttp://hdl.handle.net/20.500.11799/95147 |
| 902 | _aVíctorGodínez/270426 | ||
| 942 |
_2lcc _cLIBRO-E |
||
| 999 |
_c215013 _d215013 |
||